000 01111nam a2200325 a 4500
008 920820s1993 oruab b 001 0 eng
010 _a 92073283
020 _a0963378457 (acidfree paper) :
_c$19.95
040 _aDLC
_cDLC
050 0 0 _aGF50
_b.K657 1993
082 0 0 _a909
_220
092 0 4 _a909
_bK873
_221
099 _a04
_a909 K873
100 1 _aKotke, Wm. H.
_q(William H.)
245 1 4 _aThe final empire :
_bthe collapse of civilization and the seed of the future /
_cWm. H. Kotke.
250 _a1st ed.
260 _aPortland, Or. :
_bArrow Point Press,
_cc1993.
300 _a401 p. :
_bill., maps ;
_c22 cm.
500 _aSpine title: The collapse of civilization, the seed of the future.
504 _aIncludes bibliographical references and index.
650 0 _aCivilization, Modern.
650 0 _aEnvironmental degradation.
650 0 _aHuman ecology.
740 0 _aCollapse of civilization, the seed of the future.
902 _a1
905 _aEman
_eRev.
905 _aJamal
_eCat.
942 _2ddc
_cBK
999 _c145426
_d145426